000 00343nam a2200157Ia 4500
100 _aSomasundaram/S.L
650 _aThermal engineering
942 _cBK
366 _f17.5
245 _aThermal Engineering
260 _bCengage Learning
_aMumbai
_c1996
082 _a621.402/SOM
_bSOM
300 _a456
546 _aENGLISH
999 _c34318
_d34318